| 000 | 00761nam a22002057a 4500 | ||
|---|---|---|---|
| 999 |
_c4046 _d4046 |
||
| 003 | BD-JhCC | ||
| 005 | 20180402115852.0 | ||
| 008 | 171122s1980 bg |||| |||| 000 0 ben d | ||
| 035 | _a(BD-JhCC) | ||
| 040 |
_aBD-JhCC _dBD-JhCC |
||
| 041 | _aben | ||
| 082 |
_a297.7 _bNAD 1980 |
||
| 100 | _aনদভী, আবুল হাসান আলী | ||
| 245 |
_aউপমহাদেশীয় সভ্যতায় মুসলিম অবদান / _cআবুল হাসান আলী নদভী |
||
| 260 |
_aঢাকা : _bইসলামিক ফাউন্ডেশন বাংলাদেশ, _c১৯৮০. |
||
| 300 |
_a২৪ পৃ. : _c২০ সেমি. |
||
| 650 | _aMuslim Civilization | ||
| 942 |
_2ddc _cBK |
||